China trade : prospects and perspectives /

Bibliographic Details
Other Authors: Buxbaum, David C., Joseph, Cassondra E., Reynolds, Paul D. (Paul Davidson), 1938-
Format: Book
Language:English
Published: New York, N.Y. : Praeger, 1982.
Subjects:

MARC

Tag First Indicator Second Indicator Subfields
LEADER 00000pam a2200000 a 4500
001 in00000096008
005 20150923173852.0
008 810702s1982 nyub b 00100 eng
010 |a  81011858  
020 |a 0030566878 :  |c $29.95 
035 |a (OCoLC)07615582 
035 |9 AAK8397AM 
039 0 |a 2  |b 3  |c 3  |d 3  |e 3 
040 |a DLC  |c DLC  |d TXA  |d UtOrBLW 
043 |a a-cc--- 
049 |a TXAM  |c [985769] 
050 0 0 |a HF3836.5  |b  C46 1982 
082 0 |a 382/.0951  |2 19 
245 0 0 |a China trade :  |b prospects and perspectives /  |c edited by David C. Buxbaum, Cassondra E. Joseph, Paul D. Reynolds. 
264 1 |a New York, N.Y. :  |b Praeger,  |c 1982. 
300 |a xx, 424 pages :  |b map. ;  |c 25 cm. 
336 |a text  |b txt  |2 rdacontent 
337 |a unmediated  |b n  |2 rdamedia 
338 |a volume  |b nc  |2 rdacarrier 
504 |a Includes bibliographical references and index. 
651 0 |a China  |x Commerce. 
651 0 |a China  |x Economic conditions  |y 1976-2000. 
700 1 |a Buxbaum, David C. 
700 1 |a Joseph, Cassondra E. 
700 1 |a Reynolds, Paul D.  |q (Paul Davidson),  |d 1938- 
999 |a MARS 
999 f f |s fbfc1dab-6315-3863-8948-9719d4e7eece  |i c8f07f43-aa02-374d-b013-5f479e8a4c4c  |t 0 
952 f f |p ric  |a Texas A&M University  |b Rellis Campus  |c Joint Library Facility  |d Remote Storage  |t 0  |e HF3836.5 C46 1982  |h Library of Congress classification  |i unmediated -- volume  |m A14806049473 
998 f f |a HF3836.5 C46 1982  |t 0  |l Remote Storage